Energy supply security in the European Union

Základné fakty o energetickej bezpečnosti (EB) EÚ. Stratégia EB EÚ - krátkodobá (záťažové testy) a dlhodobá (emisie, klíma, infraštruktúra, diverzifikácia porodukcie a importu). Rastúca produkcia energií v EÚ. Garancia EB v EÚ.

Salvato in:
Dettagli Bibliografici
Autore principale: Naščáková, Jana
Altri autori: Gergeľová, Marcela, Demikátová, Mária, Keruľová, Lýdia
Natura: Capitolo di libro
Lingua:inglese
Soggetti:
Tags: Aggiungi Tag
Nessun Tag, puoi essere il primo ad aggiungerne!!

MARC

LEADER 00000nla a2200000 4500
001 0193101
005 20240502073233.7
041 0 |a eng 
044 |a SK 
245 1 0 |a Energy supply security in the European Union  |c Jana Naščáková, Marcela Gergeľová, Mária Demikátová, Lýdia Keruľová 
520 |a Základné fakty o energetickej bezpečnosti (EB) EÚ. Stratégia EB EÚ - krátkodobá (záťažové testy) a dlhodobá (emisie, klíma, infraštruktúra, diverzifikácia porodukcie a importu). Rastúca produkcia energií v EÚ. Garancia EB v EÚ. 
610 2 0 |a dodávky 
610 2 0 |a bezpečnosť energetická 
610 2 0 |a politika energetická 
610 2 0 |a výroba energie 
610 2 0 |a závislosť energetická 
610 2 0 |a zdroje energetické 
610 2 0 |a Európska únia 
610 2 0 |a stratégia bezpečnostná 
610 2 0 |a dotácie investičné 
610 2 0 |a investície 
100 1 |a Naščáková, Jana 
700 1 |a Gergeľová, Marcela 
700 1 |a Demikátová, Mária 
700 1 |a Keruľová, Lýdia